000 00586nam a22001932 4500
001 0000000037
005 20151217154324.0
008 070108s xx 000 0 eng d
020 _a0198751796 :
_cKES 2,979
040 _aKABU
_cKABU
245 1 0 _aPhilosophy 2 :
_bfurther through the subject /
_cedited by A. C. Grayling.
260 _aOxford :
_bOxford University Press,
_c1998.
300 _axiii, 869 p.
650 0 _aPhilosophy.
_@0000147995
700 1 _aGrayling, A. C.
_@0000148000
908 _a070108
950 _@1
999 _c10461
_d10461